Culture, economics, and politics in Latin American social movements theory and research /
সংরক্ষণ করুন:
| প্রধান লেখক: | |
|---|---|
| বিন্যাস: | পাঠ্য |
| ট্যাগগুলো: |
ট্যাগ যুক্ত করুন
কোনো ট্যাগ নেই, প্রথমজন হিসাবে ট্যাগ করুন!
|
MARC
| LEADER | 00000 a a2200000 04500 | ||
|---|---|---|---|
| 001 | 42872 | ||
| 003 | |||
| 040 | |||
| 100 | |a Escobar, Arturo | ||
| 245 | |a Culture, economics, and politics in Latin American social movements theory and research / |c Arturo Escobar | ||
| 773 | |g páginas 62-85 | ||
| 999 | |c 25302 |d 25302 | ||
